[Event "23rd OIBM 2019"]
[Site "Gmund am Tegernsee"]
[Date "2019.10.31"]
[Round "6.43"]
[White "Forchert, Martin"]
[Black "Hallmann, Norbert"]
[Result "1-0"]
[WhiteElo "2335"]
[BlackElo "2105"]
[Annotator "TA"]
[PlyCount "78"]
[EventDate "2019.10.17"]
[EventType "swiss"]
[EventCountry "GER"]
[SourceTitle "playchess.com"]
[Source "ChessBase"]
[SourceQuality "1"]

{[%evp 9,78,40,42,45,53,41,50,31,66,65,123,116,156,146,161,171,176,144,155,141,179,146,147,116,229,189,255,254,264,264,280,250,268,248,249,243,259,250,257,218,270,272,297,275,336,330,339,313,491,481,489,494,454,461,728,742,827,806,942,940,924,917,1358,1319,1203,668,1325,1364,1345,1297,1592]} 1. e4 Nc6 2. Nf3 d6 3. d4 Nf6 4. Nc3 e6 (4... g6 5. h3 Bg7 6. Be3 O-O 7. Qd2 a6 8. d5 Na7 9. a4 c6 10. Be2 Bd7 11. O-O b5 12. dxc6 Bxc6 13. e5 b4 14. exf6 bxc3 15. fxe7 cxd2 16. exd8=Q Rfxd8 {½-½ (49) Nisipeanu,L (2667)-Maghsoodloo,P (2671) Malmo 2019}) 5. Bd3 Be7 6. a3 {B00: Queen's Fianchetto Defence, Nimzowitsch Defence} e5 7. d5 Nb8 $1 8. Ne2 $146 {White is slightly better.} ({Predecessor:} 8. h3 c6 9. O-O O-O 10. Be3 Nbd7 11. Nd2 cxd5 12. exd5 {½-½ (29) Pecis,G (2332)-Bertagna,I (2381) ICCF email 2013}) 8... Nh5 9. h3 g5 ({Black should play} 9... O-O $14) 10. g3 $16 c5 11. c4 Bd7 12. Nc3 Ng7 13. Qc2 h6 14. Be3 Qa5 15. Nd2 Na6 16. Ke2 O-O (16... Qc7 $16 {was necessary.} 17. Rab1 Nh5) 17. f4 Nh5 (17... Qd8 $142 18. fxe5 dxe5) 18. Rag1 $18 f6 19. f5 Kf7 20. Nf1 Nc7 21. Bd2 Qa6 22. h4 {[#] Strongly threatening hxg5.} Rh8 23. Kf2 Ng7 24. Ne3 Rag8 25. Be2 b6 26. Qd1 Qb7 27. Rh2 Ke8 28. Rgh1 Kd8 (28... gxh4 {was worth a try.} 29. Rxh4 Kd8 30. Rxh6 Rxh6) 29. hxg5 {White is clearly winning.} fxg5 30. Rxh6 Rxh6 31. Rxh6 b5 (31... Nce8 $142 32. Ng4 Kc7) 32. cxb5 a6 33. Nc4 axb5 34. Nxd6 Bxd6 35. Rxd6 Rh8 36. Bxg5+ Kc8 37. Rh6 Rf8 38. Be7 Rf7 39. Bxc5 Kd8 {Accuracy: White = 82%, Black = 30%.} 1-0

[Event "23rd OIBM 2019"]
[Site "Gmund am Tegernsee"]
[Date "2019.10.31"]
[Round "6.44"]
[White "Koepke, Christian"]
[Black "Fauth, Dietmar"]
[Result "1-0"]
[WhiteElo "2332"]
[BlackElo "2099"]
[Annotator "RC"]
[PlyCount "119"]
[EventDate "2019.10.17"]
[EventType "swiss"]
[EventCountry "GER"]
[SourceTitle "playchess.com"]
[Source "ChessBase"]
[SourceQuality "1"]
[TimeControl "40/5400+30:1800+30"]

1. e4 {[%emt 0:02:11]} c5 {[%emt 0:00:35]} 2. Nf3 {[%emt 0:00:11]} Nc6 {[%emt 0:00:05]} 3. d4 {[%emt 0:00:22]} cxd4 {[%emt 0:00:05]} 4. Nxd4 {[%emt 0:00:07]} e5 {[%emt 0:00:05]} 5. Nb5 {[%emt 0:00:13]} d6 {[%emt 0:00:10]} 6. c4 {[%emt 0:01:07]} a6 {[%emt 0:03:47]} 7. N5c3 {[%emt 0:02:08]} Be7 {[%emt 0:00:20]} 8. Nd5 {[%emt 0:03:41]} Nf6 {[%emt 0:01:41]} 9. Nbc3 {[%emt 0:02:53]} O-O {[%emt 0:01:16]} 10. Bd3 {[%emt 0:00:09]} Nxd5 {[%emt 0:18:19]} 11. cxd5 {[%emt 0:13:37]} Nd4 {[%emt 0:07:20]} 12. O-O {[%emt 0:11:06]} f5 {[%emt 0:10:54]} 13. exf5 {[%emt 0:27:40]} Bxf5 {[%emt 0:04:28]} 14. Be3 {[%emt 0:04:31]} Bxd3 {[%emt 0:16:23]} 15. Qxd3 {[%emt 0:00:07]} Nf5 {[%emt 0:00:21]} 16. Ne4 {[%emt 0:08:02]} Rc8 {[%emt 0:01:18]} 17. Qb3 {[%emt 0:03:12]} Qd7 {[%emt 0:01:53]} 18. Rac1 {[%emt 0:04:53]} h6 {[%emt 0:00:30]} 19. Rxc8 {[%emt 0:06:50]} Rxc8 {[%emt 0:00:15]} 20. Rc1 {[%emt 0:00:36]} Rxc1+ {[%emt 0:11:41]} 21. Bxc1 {[%emt 0:00:01]} Qc8 {[%emt 0:00:38]} 22. Qc3 {[%emt 0:01:52]} Qxc3 {[%emt 0:04:19]} 23. bxc3 {[%emt 0:02:49]} h5 {[%emt 0:01:49]} 24. f3 {[%emt 0:00:38]} Kf7 {[%emt 0:02:50]} 25. g4 {[%emt 0:01:38]} hxg4 {[%emt 0:00:14]} 26. fxg4 {[%emt 0:00:01]} Nh4 {[%emt 0:00:39]} 27. Ba3 {[%emt 0:01:00]} Ke8 {[%emt 0:05:47]} 28. Bxd6 {[%emt 0:00:22]} Kd7 {[%emt 0:00:13]} 29. Bxe7 {[%emt 0:00:30]} Kxe7 {[%emt 0:00:01]} 30. c4 {[%emt 0:00:19]} b6 {[%emt 0:00:33]} 31. Kf2 {[%emt 0:00:24]} Ng6 {[%emt 0:00:35]} 32. Ke3 {[%emt 0:00:29]} Nf4 {[%emt 0:00:44]} 33. Ng3 {[%emt 0:01:20]} g6 {[%emt 0:00:07]} 34. Ne2 {[%emt 0:00:36]} Nh3 {[%emt 0:00:36]} 35. Nc3 {[%emt 0:00:39]} Kd6 {[%emt 0:00:25]} 36. Ne4+ {[%emt 0:00:36]} Ke7 {[%emt 0:00:05]} 37. a4 {[%emt 0:00:21]} Nf4 {[%emt 0:00:12]} 38. Nc3 {[%emt 0:01:02]} Kd6 {[%emt 0:00:10]} 39. Ne4+ {[%emt 0:00:08]} Ke7 {[%emt 0:00:01]} 40. g5 {[%emt 0:01:01]} Nh3 {[%emt 0:02:33]} 41. Kd3 {[%emt 0:14:57]} Nf4+ {[%emt 0:01:19]} 42. Kc3 {[%emt 0:01:23]} Kd7 {[%emt 0:00:36]} 43. a5 {[%emt 0:05:51]} bxa5 {[%emt 0:00:28]} 44. Kb3 {[%emt 0:00:41]} Nd3 {[%emt 0:00:30]} 45. h4 {[%emt 0:01:12]} Ke7 {[%emt 0:05:49]} 46. c5 {[%emt 0:02:32]} Nf4 {[%emt 0:00:53]} 47. Kc4 {[%emt 0:00:45]} a4 {[%emt 0:01:46]} 48. c6 {[%emt 0:01:15]} a3 {[%emt 0:00:41]} 49. d6+ {[%emt 0:01:07]} Kd8 {[%emt 0:08:19]} 50. Kb3 {[%emt 0:00:19]} a2 {[%emt 0:06:25]} 51. Kxa2 {[%emt 0:00:10]} Ne6 {[%emt 0:00:07]} 52. Ka3 {[%emt 0:02:02]} Nd4 {[%emt 0:00:12]} 53. c7+ {[%emt 0:00:27]} Kc8 {[%emt 0:00:04]} 54. Kb4 {[%emt 0:00:54]} Nf5 {[%emt 0:03:20]} 55. Kc5 {[%emt 0:00:24]} Kb7 {[%emt 0:00:07]} 56. Kd5 {[%emt 0:00:31]} a5 {[%emt 0:00:39]} 57. Kxe5 {[%emt 0:01:45]} Nxh4 {[%emt 0:00:32]} 58. Nc5+ {[%emt 0:00:22]} Kc8 {[%emt 0:00:10]} 59. Na4 {[%emt 0:00:17]} Nf5 {[%emt 0:00:12]} 60. Nb6+ {[%emt 0:00:16]} 1-0

[Event "23rd OIBM 2019"]
[Site "Gmund am Tegernsee"]
[Date "2019.11.01"]
[Round "7.1"]
[White "Gareyev, Timur"]
[Black "Azarov, Sergei"]
[Result "1/2-1/2"]
[WhiteElo "2591"]
[BlackElo "2586"]
[Annotator "TA"]
[PlyCount "85"]
[EventDate "2019.10.17"]
[EventType "swiss"]
[EventCountry "GER"]
[SourceTitle "playchess.com"]
[Source "ChessBase"]
[SourceQuality "1"]

{[%evp 9,85,-3,21,-14,19,-16,-1,-15,-16,-20,-6,-18,-6,-18,-17,-13,-12,-3,-4,-57,-49,-97,-64,-69,-31,-30,-36,-32,-39,-91,-34,-32,-23,-18,-16,-24,-35,-31,-14,-72,-75,-70,-81,-70,-68,-70,-68,-80,-80,-80,-80,-85,-86,-121,-118,-108,-77,-83,-72,-79,-79,-72,-72,-72,-72,-85,-23,-23,-23,-23,-23,-27,-22,-22,-20,-26,0,0]} 1. d4 Nf6 2. c4 e6 3. Nc3 Bb4 4. f3 c5 5. d5 b5 6. e4 {E20: Nimzo-Indian: 4 g3 and 4 f3} d6 7. Nge2 $146 (7. Bd2 exd5 8. cxd5 a6 9. a3 Ba5 10. a4 b4 11. Nb1 O-O 12. Bg5 Nbd7 13. Nd2 b3 14. Qxb3 {0-1 (23) Mamedyarov,S (2764)-Rapport,R (2747) Saint Louis 2019}) 7... bxc4 {White should prevent ...exd5.} 8. a3 Ba5 9. Nf4 $1 e5 10. Nfe2 $1 Nbd7 $36 {[%mdl 2048] Black has good play.} 11. Ng3 Nb6 12. Be2 Ng8 13. O-O Ne7 14. Nh5 (14. Na4 $11) 14... O-O $1 $15 15. Qe1 Ng6 16. Qg3 f5 {...Bxc3 is the strong threat.} 17. Bg5 Qe8 {[#] Hoping for ...f4.} 18. f4 $1 Bd7 19. a4 (19. fxe5 $15 Qxe5 20. Qxe5 Nxe5 21. Be7 {[%mdl 64] Double Attack}) 19... a6 ({Not} 19... Nxa4 $2 20. Nxa4 Bd2 21. Nc3 $18 (21. Bxc4 Bxa4 22. fxe5 {[%mdl 64] Discovered Attack} Bxg5 $16)) (19... Bxc3 $17 20. bxc3 fxe4) 20. fxe5 Qxe5 21. Nf4 Rae8 22. Bh5 $1 fxe4 23. Nxg6 hxg6 24. Bxg6 (24. Rxf8+ $11 Rxf8 25. Qxe5 dxe5 26. Be2) 24... Qxg3 $17 25. hxg3 Bxc3 26. bxc3 Nxd5 27. Bxe8 Rxe8 28. Rfd1 Bc6 29. Bf4 Re6 30. Rxd5 Bxd5 {[%mdl 4096] Endgame KRB-KRB} 31. Rd1 {[#]} e3 $1 32. Re1 e2 33. Kf2 Rf6 {Strongly threatening ...g5.} 34. Kxe2 Be4 35. Kd2 d5 36. Be3 Rg6 37. Bf2 Rb6 (37... Rc6 $17 38. g4 Rc8) 38. Bxc5 $11 Rb2+ 39. Ke3 Rxg2 40. Bd6 Kf7 41. Re2 Rg1 42. Rb2 Rd1 {Threatens to win with ...Rd3+.} 43. Be5 {Accuracy: White = 70%, Black = 67%.} 1/2-1/2

[Event "23rd OIBM 2019"]
[Site "Gmund am Tegernsee"]
[Date "2019.11.01"]
[Round "7.2"]
[White "Eljanov, Pavel"]
[Black "Chanda, Sandipan"]
[Result "1-0"]
[WhiteElo "2663"]
[BlackElo "2529"]
[Annotator "TA"]
[PlyCount "81"]
[EventDate "2019.10.17"]
[EventType "swiss"]
[EventCountry "GER"]
[SourceTitle "playchess.com"]
[Source "ChessBase"]
[SourceQuality "1"]

{[%evp 15,80,42,40,12,21,17,17,18,27,16,14,16,42,32,26,22,38,16,31,25,54,0,54,69,64,66,68,0,19,-16,0,-20,0,0,0,0,0,0,0,0,0,0,0,0,0,0,583,122,119,110,339,37,339,339,339,339,339,158,973,909,1127,5314,29992,29993,29993,29994,29999]} 1. d4 f5 2. g3 Nf6 3. Bg2 e6 4. c4 g6 5. Nf3 Bg7 6. O-O O-O 7. Nc3 d5 8. Bg5 c6 9. Qc1 $146 {A87: Dutch Defence: Leningrad System: 5 Nf3} ({Predecessor:} 9. e3 Nbd7 10. Rc1 Qe8 11. Bf4 Ne4 12. Be5 Nxe5 13. Nxe5 Nxc3 14. Rxc3 Bxe5 15. dxe5 b6 16. cxd5 cxd5 {1-0 (49) Debashis,D (2501)-Sandipan,C (2579) Caleta 2018}) 9... Nbd7 10. Rd1 Qe8 11. Bf4 {The position is equal.} Ne4 12. Bh6 (12. h4 {is interesting.} Qe7 13. Ne5 Nxe5 14. dxe5 b6 15. cxd5 cxd5 16. Nb5) 12... Bxh6 13. Qxh6 Nxc3 14. bxc3 Nb6 15. cxd5 cxd5 16. Ne5 Bd7 17. h4 Ba4 18. Rd3 ({Better is} 18. Rdc1 $1 $14) 18... Nd7 (18... Bb5 $11) 19. Re3 $14 Nxe5 20. Rxe5 {Hoping for Bxd5!} Qf7 21. h5 (21. c4 $5 dxc4 22. Rc1 $11) 21... Rac8 22. Re3 Rc6 23. Rc1 b5 24. Re5 Qf6 25. g4 Rf7 ({Much weaker is} 25... fxg4 $6 26. hxg6 hxg6 27. e4 $16) 26. hxg6 hxg6 27. g5 Qg7 28. Qh3 Qf8 29. Qe3 $36 {[%mdl 2048] White has some pressure.} Qa3 30. Qf4 Qxa2 $2 {[%mdl 8192] [#]} (30... Re7 $11) 31. Re3 $2 (31. Bxd5 $1 $18 {[%mdl 512]} exd5 32. Re8+ Rf8 33. Qe5) 31... Qa3 $16 32. Rh3 {[%mdl 1024] Strongly threatening Qe5! White has strong compensation.} Qe7 $2 (32... Qd6 $16 {might work better.} 33. Qh4 Rg7) 33. Rh6 $2 (33. Qh2 $1 $18 {Rh8+ would kill now.} Rg7 34. Rh8+ Kf7 35. Qb8) 33... Rg7 $2 {[%mdl 8192]} (33... Qd6 $1 $14 34. Rxg6+ Rg7 35. Rxg7+ Kxg7) 34. Qb8+ $18 Kf7 35. Rh8 b4 {[#]} 36. c4 (36. f4 $1 $18 {and the rest is easy. c4 is the strong threat.} Rxc3 37. Rxc3 bxc3 38. Rc8) 36... Rb6 $2 {[#]} ({Wrong is} 36... Rxc4 $2 37. Rxc4 dxc4 38. d5 $18) (36... b3 $16) 37. Qe5 $1 b3 38. cxd5 {Intending Rc7! and mate.} b2 {[#]} 39. Rc7 $1 {[%csl Gg5][%cal Re5f6][%mdl 512] White mates.} b1=Q+ 40. Kh2 {[%csl Gg5][%cal Re5f6]} Qbb4 41. Qf6# {[%mdl 64] Pin. Accuracy: White = 47%, Black = 47%.} 1-0

[Event "23rd OIBM 2019"]
[Site "Gmund am Tegernsee"]
[Date "2019.11.01"]
[Round "7.3"]
[White "Krzyzanowski, Marcin"]
[Black "Demchenko, Anton"]
[Result "0-1"]
[WhiteElo "2500"]
[BlackElo "2655"]
[Annotator "TA"]
[PlyCount "40"]
[EventDate "2019.10.17"]
[EventType "swiss"]
[EventCountry "GER"]
[SourceTitle "playchess.com"]
[Source "ChessBase"]
[SourceQuality "1"]

{[%evp 12,60,31,21,39,57,39,29,40,38,41,0,22,0,0,-31,-35,-23,2,-36,-21,-52,-8,-70,-70,-77,-74,-262,-260,-567,-552,-518,-547,-670,-564,-545,-542,-510,-500,-2272,-2259,-29984,-29985,-29985,-2483,-29994,-29995,-29995,-29988,-29996,-29997]} 1. e4 c5 2. Nf3 Nc6 3. d4 cxd4 4. Nxd4 Nf6 5. Nc3 d6 6. Bg5 e6 7. Qd3 Bd7 {B62: Sicilian: Richter-Rauzer: 6...e6: Unusual White 7th moves} (7... a6 8. Nxc6 bxc6 9. O-O-O Qa5 10. Qg3 Rb8 11. Bc4 h6 12. Be3 Nd7 13. Bb3 c5 14. Bf4 e5 15. Bd2 Qc7 {1-0 (23) Paravyan,D (2627)-Stocek,J (2592) Prague 2019}) 8. O-O-O a6 9. Kb1 b5 {White has an edge.} 10. f4 Be7 11. Nce2 $146 ({Predecessor:} 11. Nb3 h6 12. Bxf6 gxf6 13. Qg3 Qb6 14. a3 Rb8 15. f5 Ne5 16. Be2 a5 17. fxe6 fxe6 {1-0 (32) Liu,G (2452)-Zou,C (2328) Qinhuangdao 2017}) 11... Rc8 12. Nxc6 Bxc6 13. Ng3 (13. Bxf6 $5 Bxf6 14. g4 $11) 13... O-O 14. Be2 Re8 15. Bf3 b4 16. Rd2 Qb6 17. Rhd1 (17. f5 $1 $11) 17... h6 $15 18. Bxf6 Bxf6 19. Nh5 $2 {[#]} (19. Qe2 $17 {is a better defense.}) 19... Bc3 $1 $19 {[%mdl 512]} 20. Re2 $2 (20. Qe2 {is a better chance.} Bxd2 21. Qxd2) (20. bxc3 bxc3+) 20... Qa5 {Played: Bc6-b5} 0-1

[Event "23rd OIBM 2019"]
[Site "Gmund am Tegernsee"]
[Date "2019.11.01"]
[Round "7.4"]
[White "Peralta, Fernando"]
[Black "Engel, Luis"]
[Result "1/2-1/2"]
[WhiteElo "2569"]
[BlackElo "2507"]
[Annotator "ChessBase"]
[PlyCount "57"]
[EventDate "2019.10.17"]
[EventType "swiss"]
[EventCountry "GER"]
[SourceTitle "playchess.com"]
[Source "ChessBase"]
[SourceQuality "1"]
[TimeControl "40/5400+30:1800+30"]

1. d4 {[%emt 0:00:00]} Nf6 {[%emt 0:00:00]} 2. c4 {[%emt 0:00:00]} e6 {[%emt 0:00:00]} 3. Nf3 {[%emt 0:00:00]} d5 {[%emt 0:00:00]} 4. Nc3 {[%emt 0:00:00]} Bb4 {[%emt 0:00:00]} 5. Qa4+ {[%emt 0:00:22]} Nc6 {[%emt 0:00:00]} 6. e3 {[%emt 0:00:05]} O-O {[%emt 0:00:32]} 7. Bd2 {[%emt 0:00:06]} dxc4 {[%emt 0:02:21]} 8. Bxc4 {[%emt 0:00:08]} Bd6 {[%emt 0:00:18]} 9. Qc2 {[%emt 0:00:36]} a6 {[%emt 0:01:37]} 10. Ne4 {[%emt 0:01:35]} h6 {[%emt 0:10:56]} 11. O-O {[%emt 0:02:39]} e5 {[%emt 0:02:54]} 12. dxe5 {[%emt 0:10:40]} Nxe5 {[%emt 0:00:22]} 13. Nxd6 {[%emt 0:00:15]} Nxf3+ {[%emt 0:01:09]} 14. gxf3 {[%emt 0:00:05]} Qxd6 {[%emt 0:01:08]} 15. Kh1 {[%emt 0:01:36]} Qc6 {[%emt 0:05:42]} 16. e4 {[%emt 0:01:23]} Be6 {[%emt 0:02:50]} 17. Rac1 {[%emt 0:12:00]} Rfd8 {[%emt 0:06:37]} 18. Be3 {[%emt 0:01:30]} Qxc4 {[%emt 0:02:01]} 19. Qxc4 {[%emt 0:00:06]} Bxc4 {[%emt 0:00:05]} 20. Rxc4 {[%emt 0:00:04]} Rd7 {[%emt 0:01:05]} 21. Rg1 {[%emt 0:01:59]} Kh7 {[%emt 0:02:15]} 22. Rgc1 {[%emt 0:01:29]} Ne8 {[%emt 0:01:47]} 23. Kg2 {[%emt 0:10:00]} Rad8 {[%emt 0:02:51]} 24. Bf4 {[%emt 0:00:50]} c6 {[%emt 0:02:57]} 25. Rb4 {[%emt 0:00:18]} g5 {[%emt 0:02:13]} 26. Be3 {[%emt 0:02:24]} Ng7 {[%emt 0:01:06]} 27. f4 {[%emt 0:04:38]} gxf4 {[%emt 0:01:43]} 28. Bxf4 {[%emt 0:00:07]} f5 {[%emt 0:02:12]} 29. Rc3 {[%emt 0:08:37]} 1/2-1/2

[Event "23rd OIBM 2019"]
[Site "Gmund am Tegernsee"]
[Date "2019.11.01"]
[Round "7.5"]
[White "Korneev, Oleg"]
[Black "Idani, Pouya"]
[Result "1/2-1/2"]
[WhiteElo "2504"]
[BlackElo "2568"]
[Annotator "ChessBase"]
[PlyCount "27"]
[EventDate "2019.10.17"]
[EventType "swiss"]
[EventCountry "GER"]
[SourceTitle "playchess.com"]
[Source "ChessBase"]
[SourceQuality "1"]
[TimeControl "40/5400+30:1800+30"]

1. c4 {[%emt 0:00:00]} e6 {[%emt 0:00:00]} 2. Nf3 {[%emt 0:00:00]} Nf6 {[%emt 0:00:00]} 3. g3 {[%emt 0:00:00]} d5 {[%emt 0:00:00]} 4. Bg2 {[%emt 0:00:00]} Be7 {[%emt 0:00:00]} 5. O-O {[%emt 0:00:00]} O-O {[%emt 0:00:00]} 6. d4 {[%emt 0:00:00]} dxc4 {[%emt 0:00:10]} 7. Qc2 {[%emt 0:00:00]} a6 {[%emt 0:00:05]} 8. Qxc4 {[%emt 0:01:23]} b5 {[%emt 0:00:06]} 9. Qc2 {[%emt 0:00:03]} Bb7 {[%emt 0:00:05]} 10. Bd2 {[%emt 0:08:19]} Be4 {[%emt 0:00:11]} 11. Qc1 {[%emt 0:00:03]} Bb7 {[%emt 0:00:46]} 12. Qc2 {[%emt 0:00:04]} Be4 {[%emt 0:00:06]} 13. Qc1 {[%emt 0:00:03]} Bb7 {[%emt 0:00:07]} 14. Qc2 1/2-1/2

[Event "23rd OIBM 2019"]
[Site "Gmund am Tegernsee"]
[Date "2019.11.01"]
[Round "7.6"]
[White "Bernadskiy, Vitaliy"]
[Black "Womacka, Mathias"]
[Result "1-0"]
[WhiteElo "2554"]
[BlackElo "2436"]
[Annotator "TA"]
[PlyCount "61"]
[EventDate "2019.10.17"]
[EventType "swiss"]
[EventCountry "GER"]
[SourceTitle "playchess.com"]
[Source "ChessBase"]
[SourceQuality "1"]

{[%evp 19,61,24,21,17,28,23,17,1,0,-7,-20,-21,27,29,115,112,108,123,135,124,102,95,224,233,349,341,338,341,350,342,358,346,452,452,670,670,670,670,643,631,593,595,577,575]} 1. d4 Nf6 2. g3 c5 3. d5 e6 4. c4 exd5 5. cxd5 d6 6. Nc3 g6 7. Bg2 Bg7 8. Nf3 O-O 9. O-O Nbd7 10. Bf4 Qe7 11. Re1 {A62: Modern Benoni: Fianchetto Variation without early ...Nbd7} a6 (11... Nh5 12. Bg5 f6 13. Bd2 f5 14. Bg5 Ndf6 15. e4 fxe4 16. Nxe4 Qc7 17. Bxf6 Nxf6 18. Neg5 Qb6 {½-½ (29) Vallejo Pons,F (2711)-Ponomariov,R (2709) Tallinn 2016}) 12. e4 Ng4 13. Bg5 {The position is equal.} Qe8 14. e5 Ndxe5 15. Ne4 $146 ({Predecessor:} 15. Nxe5 Nxe5 16. f4 Ng4 17. Rxe8 Rxe8 {0-1 (37) Ligterink,G (2455)-Nunn,J (2590) Marbella 1982}) 15... Qd7 (15... f6 $5 {[%cal Rf6g5]} 16. Bd2 (16. Nxd6 Qd8 $15) 16... Qd8 17. Nxe5 Nxe5 $17) 16. Nxe5 Bxe5 (16... Nxe5 $11 17. Nf6+ Bxf6 18. Bxf6 Ng4) 17. h3 $36 {[%mdl 2048] Keeping Black busy.} f6 18. Bc1 f5 19. Nxc5 $1 dxc5 20. hxg4 Bd4 (20... Bd6 $16) 21. Bh6 $18 fxg4 (21... Rf6 $142 22. Qb3 Qf7) 22. Bxf8 Kxf8 23. Qd2 Qf7 24. Re2 Bd7 25. Rae1 {And now d6 would win.} Qf6 {[#] intending ...Kg8.} 26. d6 $1 {[%mdl 512] Black must now prevent Re7.White is clearly winning.} Qxd6 (26... Re8 $142 27. Qh6+ Qg7 28. Rxe8+ Bxe8 29. Qxg7+ Bxg7) 27. Qh6+ {[%mdl 64] Double Attack} Bg7 28. Qxh7 Re8 29. Rxe8+ {[%mdl 64] Overworked Piece} Bxe8 {[#]} 30. Rxe8+ $1 {[%mdl 512]} Kxe8 31. Qxg7 {Accuracy: White = 89%, Black = 44%.} 1-0

[Event "23rd OIBM 2019"]
[Site "Gmund am Tegernsee"]
[Date "2019.11.01"]
[Round "7.7"]
[White "Kamsky, Gata"]
[Black "Zajogin, Alexander"]
[Result "1-0"]
[WhiteElo "2685"]
[BlackElo "2426"]
[Annotator "TA"]
[PlyCount "107"]
[EventDate "2019.10.17"]
[EventType "swiss"]
[EventCountry "GER"]
[SourceTitle "playchess.com"]
[Source "ChessBase"]
[SourceQuality "1"]

{[%evp 9,107,16,28,26,38,15,11,11,11,13,23,11,13,11,27,20,23,17,24,6,27,20,28,17,38,0,10,10,10,12,14,12,270,287,255,276,243,1,17,0,70,70,53,0,0,0,0,0,2,-12,29,0,22,0,5,8,10,0,0,0,35,0,0,0,-8,-19,92,0,0,0,8,0,8,8,40,30,30,30,24,36,683,666,944,944,1166,1114,2153,2088,1681,1922,2030,2031,1866,1822,1914,1802,12842,6119,29982,-29982]} 1. d4 Nf6 2. Nf3 e6 3. Bf4 c5 4. e3 cxd4 5. exd4 b6 (5... Be7 6. Nbd2 O-O 7. Bd3 b6 8. O-O Ba6 9. Bxa6 Nxa6 10. Re1 d6 11. h3 Qd7 12. a4 Nc7 13. Bh2 {1-0 (100) Aronian,L (2767)-Giri,A (2782) chess.com INT 2018}) 6. a4 {A46: 1 d4 Nf6 2 Nf3 e6: Torre, London and Colle Systems} Ba6 7. Bxa6 $146 (7. Bb5 {keeps more tension.} Bb7 8. h3 Be7 9. c3 Na6 10. Bc4) ({Predecessor:} 7. Bb5 Qc8 8. c3 Be7 9. Qe2 Bb7 10. h3 O-O 11. Nbd2 d6 12. O-O Nbd7 13. Rfe1 {½-½ (31) Kovacevic,S (2383)-Adan Bermudez,S (2263) Villa de Aranjuez 2009}) 7... Nxa6 8. O-O {The position is equal.} Be7 9. Ne5 Qc8 10. Nd2 O-O 11. c3 Qb7 12. Qe2 Nc7 13. Bg5 Ncd5 14. f4 h6 15. Bxf6 Nxf6 16. Rae1 g6 17. Rf3 d6 18. Nxg6 {[%mdl 64] [#] Deflection} fxg6 19. Qxe6+ Rf7 20. Rg3 $1 {[%cal Rg3g6]} g5 $2 {[%mdl 8192]} (20... Bf8 $11 {and Black stays safe.} 21. Rxg6+ {[%mdl 64] Double Attack} Bg7) 21. fxg5 $18 hxg5 22. Rxg5+ Kf8 23. Nf3 $2 ({White should try} 23. Qh3 $18 {Threatening mate with Qh8+.} Rh7 24. Qg3) 23... Qd7 $11 24. Qe3 {Threatens to win with Rg6.} Ng8 (24... Ng4 $11 25. Qe4 Bxg5 26. Qxa8+ Qd8) 25. Rg6 $14 {Black must now prevent Ng5.} Qf5 26. Re6 (26. Rg3 $14) 26... Kg7 $11 27. Qe4 (27. h3 {feels hotter.} Raf8 28. Kh1 Kh8 29. Qe4 Qh5 30. Qg6) 27... Qxe4 28. R1xe4 Rd8 29. Kf2 Bf6 30. Rg4+ Kh7 (30... Kf8 {seems wilder.} 31. Rg6 Rdd7 32. h3 d5 33. Kg1 Bg7) 31. Ke2 (31. h3 {looks sharper.} Be7 32. Ke2 Re8 33. Kd3 Nf6 34. Rg5) 31... Re7 32. Rxe7+ Nxe7 33. Kd3 d5 34. b3 Nf5 35. Rf4 {[%mdl 1024] White has compensation.} Kg6 36. g4 Nd6 37. h4 Bg7 (37... Re8 $11 38. g5 Bg7) 38. c4 (38. Ne5+ $16 Kh7 39. Nf7) 38... dxc4+ 39. bxc4 Rc8 40. Ne5+ Bxe5 41. dxe5 {[%mdl 4096] Endgame KRN-KR} Nb7 42. Rf6+ Kg7 43. h5 {h6+ is the strong threat.} Nc5+ 44. Kd4 Nxa4 $2 {[%mdl 8192] [#]} (44... Nb3+ $14 45. Kd5 Rc5+ 46. Ke6 Nd2) 45. h6+ $1 $18 Kh7 46. e6 Nc5 47. g5 Rg8 48. e7 {Rf7+ would kill now.} Re8 49. Rf7+ Kg6 50. Rg7+ Kf5 51. Kd5 Ne4 52. Kc6 Rh8 53. h7 Nxg5 54. Rf7+ $4 {[%mdl 40960] Accuracy: White = 44%, Black = 29%. . Loss on time!?} (54. Rg8 {is the narrow road to win.} Nxh7 55. Rxh8 Nf6 56. e8=Q Nxe8 57. Rxe8 Kf6 58. Kb7 Kf7 59. Re3) 1-0

[Event "23rd OIBM 2019"]
[Site "Gmund am Tegernsee"]
[Date "2019.11.01"]
[Round "7.8"]
[White "Sethuraman, S.P."]
[Black "Morawietz, Dieter"]
[Result "1-0"]
[WhiteElo "2624"]
[BlackElo "2419"]
[Annotator "TA"]
[PlyCount "21"]
[EventDate "2019.10.17"]
[EventType "swiss"]
[EventCountry "GER"]
[SourceTitle "playchess.com"]
[Source "ChessBase"]
[SourceQuality "1"]

{[%evp 9,21,20,97,93,125,128,140,140,251,238,255,239,269,277]} 1. e4 c5 2. Nf3 e6 3. d4 cxd4 4. Nxd4 Nc6 5. Nc3 Be7 (5... Nf6 $11) (5... Qc7 6. Be3 a6 7. Qf3 Ne5 8. Qg3 h5 9. Bg5 f6 10. Bf4 Ne7 11. O-O-O Kf7 12. Bxe5 Qxe5 13. f4 h4 14. Qe3 Qc7 {1-0 (35) Ding,L (2811)-Shankland,S (2705) chess.com INT 2019}) 6. Ndb5 $16 {B45: Sicilian Four Knights} d6 {[#]} 7. Bf4 $1 Ne5 8. Qd4 a6 (8... Nf6 $16 {keeps fighting.}) 9. O-O-O $146 ({Predecessor:} 9. Nxd6+ Bxd6 10. Bxe5 Bxe5 11. Qxe5 Nf6 12. Rd1 Qb6 13. Qd4 Qxd4 14. Rxd4 {½-½ (43) Van Eijk,S (2274)-Pogorelov,R (2453) Banyoles 2007}) 9... Nf6 10. Bxe5 {[%cal Rb5d6]} ({But not} 10. Nxd6+ Qxd6 11. Qxd6 Bxd6 $18) 10... dxe5 11. Qxe5 1-0